Elementary topology

Gespeichert in:
Bibliographische Detailangaben
1. Verfasser: Gemignani, Michael C (VerfasserIn)
Format: Buch
Sprache:Englisch
Veröffentlicht: Nueva York Dover 1990
Ausgabe:2a. ed
Schriftenreihe:Dover books on advanced mathematics
Schlagworte:
Tags: Tag hinzufügen
Keine Tags, Fügen Sie den ersten Tag hinzu!

MARC

LEADER 00000nam a2200000 a 4500
001 UCX5857
003 CL-VaPUC
008 930121e19900000US |||||||||||||||||eng|d
082 0 4 |a 514  |b GEM  |2 21 
100 |a Gemignani, Michael C  |e author  |9 423957 
245 1 0 |a Elementary topology 
250 |a 2a. ed 
300 |a 270 p 
942 |c BK 
945 |d 19930121 00:00:00 
260 |a Nueva York  |b Dover  |c 1990 
650 0 |a Topología   |9 260092 
583 |a last modification  |c 19930121 00:00:00  |k Rodrigo Vera 
490 0 |a Dover books on advanced mathematics 
999 |c 226007  |d 226005 
952 |0 0  |1 0  |4 0  |6 514_000000000000000_GEM_1990  |7 0  |8 A  |9 224020  |a BIBCUR  |b BIBCUR  |d 2019-11-15  |i 2928388  |l 1  |o 514 GEM 1990  |p 2928388  |r 2025-04-22  |s 2023-03-16  |w 2019-11-15  |y BK  |k FIS